000 00482nam a2200169 4500
001 200979
090 _a200979
100 _a20260304 pory50
200 _aÓperas : 1a série
_ftextos organizados por Mário Bravo
210 _aLisboa
_cPrelo
_d[S.d.]
215 _a120, [4] p.
_cbrochado
_d18 cm
606 _915279
_aMúsica
_xMúsica dramática. Ópera
675 _a782
_vPT
_zpor
700 _916645
_aBravo
_bMário
801 _aPT
_bBMMN
_gRPC
830 _cVanda
990 _cLIVROS